UBT Library

South Africa from the air / (Record no. 42685)

000 -LEADER
fixed length control field 00667cam a2200241 a 4500
001 - CONTROL NUMBER
control field 645571
005 - DATE AND TIME OF LATEST TRANSACTION
control field 20180215085331.0
008 - FIXED-LENGTH DATA ELEMENTS--GENERAL INFORMATION
fixed length control field 930923s1992 sa a 001 0 eng
010 ## - LIBRARY OF CONGRESS CONTROL NUMBER
LC control number 93210418
020 ## - INTERNATIONAL STANDARD BOOK NUMBER
International Standard Book Number 186825285X
040 ## - CATALOGING SOURCE
Original cataloging agency DLC
Transcribing agency DLC
041 ## - LANGUAGE CODE
Language code of text/sound track or separate title eng
043 ## - GEOGRAPHIC AREA CODE
Geographic area code f-sa---
080 ## - UNIVERSAL DECIMAL CLASSIFICATION NUMBER
Universal Decimal Classification number 916.800222 HEM
082 00 - DEWEY DECIMAL CLASSIFICATION NUMBER
Classification number 916.800222 HEM
Edition number 20
100 1# - Rafti
Rafti 42
101 ## - Shkurtesa
Shkurtesa GJE
245 10 - TITLE STATEMENT
Title South Africa from the air /
Statement of responsibility, etc Herman Potgieter.
906 ## - LOCAL DATA ELEMENT F, LDF (RLIN)
a 7
b cbc
c orignew
d 3
e ncip
f 19
g y-gencatlg
942 ## - ADDED ENTRY ELEMENTS (KOHA)
Source of classification or shelving scheme
Item type Books
Holdings
Withdrawn status Lost status Source of classification or shelving scheme Damaged status Not for loan Collection code Permanent location Current location Shelving location Date acquired Total Checkouts Full call number Barcode Date last seen Price effective from Koha item type
          Koleksioni i përgjithshem UBT - Lipjan UBT - Lipjan Koleksioni i përgjithshem 02/15/2018   916.800222 HEM 002-2998864 02/15/2018 02/15/2018 Books
UBT Library © 2015-2024. All rights reserved University Education for Business and Technology